[Event "DEM U18 2000"]
[Site "Überlingen GER"]
[Date "2000.06.06"]
[Round "4"]
[White "Send, Sebastian"]
[Black "Schenk, Andreas"]
[Result "0-1"]
[Termination "normal"]
[Board "2"]
[WhiteElo "2175"]
[BlackElo "2272"]
[PlyCount "56"]
[WhiteFideId "4667301"]
[BlackFideId "4644891"]
[EventCountry "GER"]
[EventRounds "9"]
[EventType "swiss"]
[EventDate "2000.06.03"]

1. e4 c5 2. c3 d5 3. exd5 Qxd5 4. d4 Nf6 5. Nf3 Nc6 6. Be3 cxd4 7. cxd4 e6 8.
Nc3 Qd6 9. Bd3 Be7 10. O-O O-O 11. a3 b6 12. Qd2 Bb7 13. Rad1 Rfd8 14. Rfe1
Rac8 15. Bf4 Qd7 16. Qc2 g6 17. Bc4 Na5 18. Ne5 Qe8 19. Nxf7 Nxc4 20. Nxd8 Bxd8
21. d5 e5 22. Bxe5 Nxe5 23. Qe2 Bc7 24. d6 Qc6 25. f4 Bxd6 26. fxe5 Bxe5 27.
Nb5 Re8 28. Qf1 Ng4 0-1

[Event "DEM U18 2000"]
[Site "Überlingen GER"]
[Date "2000.06.06"]
[Round "4"]
[White "Oberhofer, André"]
[Black "Motl, Martin"]
[Result "0-1"]
[Termination "normal"]
[Board "3"]
[WhiteElo "1991"]
[BlackElo "2172"]
[PlyCount "60"]
[WhiteFideId "24654140"]
[BlackFideId "4667522"]
[EventCountry "GER"]
[EventRounds "9"]
[EventType "swiss"]
[EventDate "2000.06.03"]

1. e4 c5 2. Nf3 d6 3. d4 cxd4 4. c3 Nf6 5. e5 dxe5 6. Nxe5 Nbd7 7. Qxd4 g6 8.
Bc4 Nxe5 9. Qxe5 Bg7 10. O-O O-O 11. Re1 Ng4 12. Qg3 Nh6 13. Bg5 Nf5 14. Qf3
Qc7 15. Nd2 h6 16. Be3 e6 17. Bd3 Nxe3 18. Rxe3 Bd7 19. Ne4 f5 20. Nd2 Bc6 21.
Qh3 e5 22. Rg3 e4 23. Bc4+ Kh7 24. Nb3 f4 25. Rxg6 Kxg6 26. Nc5 Rae8 27. Rd1
Qe5 28. Nd7 Bxd7 29. Rxd7 Qf5 30. Bf7+ Rxf7 0-1

[Event "DEM U18 2000"]
[Site "Überlingen GER"]
[Date "2000.06.06"]
[Round "4"]
[White "Meyer, Malte"]
[Black "Huber, Philipp"]
[Result "0-1"]
[Termination "normal"]
[Board "4"]
[WhiteElo "2180"]
[BlackElo "2252"]
[PlyCount "114"]
[WhiteFideId "4664493"]
[BlackFideId "4643887"]
[EventCountry "GER"]
[EventRounds "9"]
[EventType "swiss"]
[EventDate "2000.06.03"]

1. d4 Nf6 2. c4 d6 3. Nc3 e5 4. dxe5 dxe5 5. Qxd8+ Kxd8 6. Nf3 Nfd7 7. Bd2 f6
8. O-O-O c6 9. g4 Kc7 10. h4 Nc5 11. Bh3 Be6 12. b3 a5 13. g5 Bf7 14. Ne1 a4
15. Kb2 axb3 16. axb3 Ra6 17. Be3 Rb6 18. Bxc5 Bxc5 19. Nd3 Bd4 20. e3 Bxc4 21.
Nc1 Bxc3+ 22. Kxc3 Bd5 23. Rhg1 Na6 24. gxf6 gxf6 25. Bf5 Nc5 26. Rg7+ Kb8 27.
Rxh7 Rxh7 28. Bxh7 Kc7 29. Bc2 Ra6 30. Rg1 Ra8 31. Rg7+ Kd6 32. Ne2 Rh8 33. Ng3
Nd7 34. h5 Be6 35. Bd1 f5 36. f4 b5 37. Rg5 Rf8 38. Bc2 e4 39. h6 Nf6 40. Kd2
Nh7 41. Rg7 Rh8 42. Bxe4 Nf6 43. Nxf5+ Bxf5 44. Bxf5 Rxh6 45. Kd3 Rh2 46. e4
Kc5 47. Be6 Nh5 48. Rg4 Rh3+ 49. Ke2 Rh2+ 50. Ke3 Rh3+ 51. Kf2 Kd4 52. Kg2 Re3
53. f5 Nf6 54. Rg7 Nxe4 55. Rc7 c5 56. Rc6 Ke5 57. Bg8 Rg3+ 0-1

[Event "DEM U18 2000"]
[Site "Überlingen GER"]
[Date "2000.06.06"]
[Round "4"]
[White "Philipowski, Robert"]
[Black "Zimmermann, Julian"]
[Result "1/2-1/2"]
[Termination "normal"]
[Board "5"]
[WhiteElo "2272"]
[BlackElo "2180"]
[PlyCount "126"]
[WhiteFideId "4663209"]
[EventCountry "GER"]
[EventRounds "9"]
[EventType "swiss"]
[EventDate "2000.06.03"]

1. e4 c5 2. Nf3 d6 3. d4 cxd4 4. Qxd4 Nf6 5. Nc3 Nc6 6. Bb5 Bd7 7. Bxc6 Bxc6 8.
Bg5 e6 9. O-O-O Be7 10. Qd3 Qa5 11. h4 h6 12. Be3 d5 13. e5 Ne4 14. Nd4 Nxc3
15. Qxc3 Qxc3 16. bxc3 Ba4 17. h5 Rc8 18. Rd3 Kd7 19. Rh3 a6 20. Rg3 Rhg8 21.
Rg4 Bb5 22. Nxb5 axb5 23. Bd2 Rc4 24. Rdg3 Rxg4 25. Rxg4 g6 26. Bxh6 Rh8 27.
hxg6 fxg6 28. Bg7 Rg8 29. Bf6 Bxf6 30. exf6 e5 31. f4 exf4 32. Rxf4 Rf8 33. g4
g5 34. Rf5 Ke6 35. Rxg5 Rxf6 36. Kb2 Kd6 37. Rf5 Rg6 38. Rf4 Kc5 39. Kc1 Ra6
40. g5 Rxa2 41. Rg4 Ra8 42. g6 Kd6 43. g7 Rg8 44. Kd2 Ke6 45. Ke3 Kf6 46. Kd4
Rxg7 47. Rxg7 Kxg7 48. Kxd5 Kf6 49. Kc5 Ke5 50. Kxb5 Kd5 51. Kb4 Ke4 52. c4 Kd4
53. c5 Kd5 54. c3 Ke4 55. Kc4 Ke5 56. Kb4 Ke4 57. Kb5 Kd5 58. Kb4 Ke4 59. Kc4
Ke5 60. c6 bxc6 61. Kc5 Ke4 62. Kxc6 Kd3 63. Kc5 Kxc3 1/2-1/2

[Event "DEM U18 2000"]
[Site "Überlingen GER"]
[Date "2000.06.06"]
[Round "4"]
[White "Pähtz, Thomas jr."]
[Black "Liebold, Thomas"]
[Result "1-0"]
[Termination "normal"]
[Board "6"]
[WhiteElo "2216"]
[BlackElo "2157"]
[PlyCount "39"]
[WhiteFideId "4636562"]
[BlackFideId "4652290"]
[EventCountry "GER"]
[EventRounds "9"]
[EventType "swiss"]
[EventDate "2000.06.03"]

1. e4 c5 2. Nf3 d6 3. d4 cxd4 4. Nxd4 Nf6 5. Nc3 a6 6. Be3 e5 7. Nb3 Qc7 8. f3
Be6 9. Qd2 Be7 10. g4 h6 11. O-O-O Nc6 12. Nd5 Bxd5 13. exd5 Nb8 14. Kb1 Nbd7
15. c4 Rc8 16. Bd3 O-O 17. Bxh6 e4 18. Qg5 Ne8 19. Qxe7 gxh6 20. Qxe4 1-0

[Event "DEM U18 2000"]
[Site "Überlingen GER"]
[Date "2000.06.06"]
[Round "4"]
[White "Gehmlich, Marcel"]
[Black "Neyman, Igor"]
[Result "1/2-1/2"]
[Termination "normal"]
[Board "7"]
[WhiteElo "2065"]
[BlackElo "2192"]
[PlyCount "39"]
[WhiteFideId "4656474"]
[EventCountry "GER"]
[EventRounds "9"]
[EventType "swiss"]
[EventDate "2000.06.03"]

1. c4 e6 2. Nf3 d5 3. b3 Nf6 4. Bb2 c6 5. g3 Bd6 6. Bg2 O-O 7. O-O Nbd7 8. d4
b6 9. Nbd2 Bb7 10. Qc2 Rc8 11. Rad1 Qc7 12. e4 dxe4 13. Nxe4 Nxe4 14. Qxe4 Rfd8
15. Ne5 Nxe5 16. dxe5 Be7 17. Bf3 Rb8 18. h4 c5 19. Rxd8+ Qxd8 20. Qe2 1/2-1/2

[Event "DEM U18 2000"]
[Site "Überlingen GER"]
[Date "2000.06.06"]
[Round "4"]
[White "Seel, Christian"]
[Black "Schweigert, Werner"]
[Result "1-0"]
[Termination "normal"]
[Board "8"]
[WhiteElo "2176"]
[BlackElo "1997"]
[PlyCount "85"]
[WhiteFideId "4663098"]
[EventCountry "GER"]
[EventRounds "9"]
[EventType "swiss"]
[EventDate "2000.06.03"]

1. Nf3 d5 2. c4 e6 3. g3 Nf6 4. Bg2 c6 5. Qc2 Nbd7 6. d4 Bd6 7. O-O O-O 8. Nbd2
Re8 9. e4 dxe4 10. Nxe4 Nxe4 11. Qxe4 e5 12. Bg5 f6 13. Bd2 exd4 14. Qxd4 Ne5
15. Bc3 Nxf3+ 16. Bxf3 Qc7 17. Bh5 Rd8 18. Rfd1 Be6 19. Qe4 Bf7 20. Bxf7+ Qxf7
21. Ba5 Bc7 22. Bxc7 Qxc7 23. Kg2 Re8 24. Qg4 Rad8 25. Rxd8 Rxd8 26. Re1 h6 27.
Re6 Qd7 28. Qe2 Kf7 29. Re4 Re8 30. Rxe8 Qxe8 31. Qxe8+ Kxe8 32. Kf3 Kf7 33. h4
h5 34. Kf4 Ke6 35. f3 Ke7 36. g4 hxg4 37. fxg4 Ke6 38. h5 b6 39. b4 a6 40. a4
b5 41. axb5 axb5 42. cxb5 cxb5 43. Ke4 1-0

[Event "DEM U18 2000"]
[Site "Überlingen GER"]
[Date "2000.06.06"]
[Round "4"]
[White "Jauk, Wilhelm"]
[Black "Ewald, Alexander"]
[Result "0-1"]
[Termination "normal"]
[Board "9"]
[WhiteElo "1942"]
[BlackElo "2134"]
[PlyCount "106"]
[BlackFideId "4662520"]
[EventCountry "GER"]
[EventRounds "9"]
[EventType "swiss"]
[EventDate "2000.06.03"]

1. d4 Nf6 2. Nf3 e6 3. e3 b6 4. Bd3 Bb7 5. b3 Be7 6. Bb2 O-O 7. Nbd2 d5 8. O-O
Nbd7 9. c4 Ne4 10. cxd5 exd5 11. Ne5 f5 12. f4 Nxe5 13. dxe5 Nc5 14. Be2 Ne6
15. Nf3 c5 16. Qc2 a6 17. Rad1 b5 18. h3 g6 19. Kh2 Qb6 20. g4 Ng7 21. Rg1 Qe6
22. b4 Rac8 23. bxc5 Bxc5 24. Qd2 fxg4 25. hxg4 Qe7 26. Bd4 Bxd4 27. Nxd4 Ne6
28. Kg3 Nc5 29. Bd3 Rc7 30. Bb1 Rfc8 31. Rc1 b4 32. Rh1 Na4 33. Rcf1 Nc3 34.
Bd3 a5 35. Rf2 Ba6 36. Rfh2 Bxd3 37. Qxd3 Ne4+ 38. Kf3 Rf8 39. Qb5 Qxe5 40.
Qxa5 Rc3 41. Nf5 Ng5+ 42. Ke2 Rc2+ 43. Kd1 Qa1+ 44. Kxc2 Rc8+ 45. Kb3 Qc3+ 46.
Ka4 Qa3+ 47. Kb5 Rb8+ 48. Qb6 Rxb6+ 49. Kxb6 gxf5 50. fxg5 Qxe3+ 51. Kb5 fxg4
52. Rxh7 Qd3+ 53. Kxb4 Qxh7 0-1

[Event "DEM U18 2000"]
[Site "Überlingen GER"]
[Date "2000.06.06"]
[Round "4"]
[White "Schütze, Tonio"]
[Black "Schinkowski, Christoph"]
[Result "1-0"]
[Termination "normal"]
[Board "10"]
[WhiteElo "1982"]
[BlackElo "1823"]
[PlyCount "89"]
[BlackFideId "4686632"]
[EventCountry "GER"]
[EventRounds "9"]
[EventType "swiss"]
[EventDate "2000.06.03"]

1. e4 d6 2. d4 Nf6 3. Nc3 g6 4. h3 Bg7 5. Nf3 O-O 6. Be3 e5 7. dxe5 dxe5 8. Bc4
Qe7 9. O-O c6 10. a3 b5 11. Bd3 Bb7 12. Bg5 Nbd7 13. Qe2 h6 14. Bxf6 Nxf6 15.
Qe3 Nh5 16. Ne2 g5 17. c4 a6 18. c5 Nf4 19. b4 Kh8 20. Ng3 Bc8 21. Nh2 Be6 22.
Rfd1 Rad8 23. Be2 Rd4 24. Nf3 Rdd8 25. Ne1 Rd4 26. Nc2 Rdd8 27. Bg4 Rxd1+ 28.
Rxd1 Rd8 29. Qf3 Rd7 30. Nf5 Qd8 31. Nd6 Kg8 32. Ne3 Bf8 33. Nef5 a5 34. Kh2
axb4 35. axb4 h5 36. Bxh5 Nxh5 37. Qxh5 Bxf5 38. exf5 Bxd6 39. cxd6 f6 40. Ra1
Qf8 41. Ra6 Qxd6 42. Ra8+ Rd8 43. Ra7 e4+ 44. g3 Qd5 45. Qh7+ 1-0

[Event "DEM U18 2000"]
[Site "Überlingen GER"]
[Date "2000.06.06"]
[Round "4"]
[White "Menzel, Michael"]
[Black "Bravo Lutz, Sebastian"]
[Result "1/2-1/2"]
[Termination "normal"]
[Board "11"]
[WhiteElo "1756"]
[BlackElo "2038"]
[PlyCount "50"]
[WhiteFideId "4694732"]
[EventCountry "GER"]
[EventRounds "9"]
[EventType "swiss"]
[EventDate "2000.06.03"]

1. e4 c5 2. c4 Nc6 3. Nf3 d6 4. d4 cxd4 5. Nxd4 Nf6 6. Nc3 Nxd4 7. Qxd4 g6 8.
Be3 Bg7 9. f3 O-O 10. Qd2 Be6 11. Rc1 Qa5 12. Be2 Nd7 13. Bd4 Bxd4 14. Qxd4 Qe5
15. Qxe5 Nxe5 16. b3 g5 17. O-O Ng6 18. Rcd1 a6 19. g3 Rac8 20. Na4 f5 21. Bd3
Ne5 22. Bb1 b5 23. cxb5 axb5 24. Nb6 Rc5 25. Nd5 Bxd5 1/2-1/2

[Event "DEM U18 2000"]
[Site "Überlingen GER"]
[Date "2000.06.06"]
[Round "4"]
[White "Regert, Christian"]
[Black "Luig, Benjamin"]
[Result "1-0"]
[Termination "normal"]
[Board "12"]
[WhiteElo "2010"]
[BlackElo "1894"]
[PlyCount "85"]
[EventCountry "GER"]
[EventRounds "9"]
[EventType "swiss"]
[EventDate "2000.06.03"]

1. d4 d5 2. c4 c6 3. Nf3 Nf6 4. Nc3 e6 5. cxd5 cxd5 6. Bf4 Nc6 7. a3 Be7 8. e3
Nh5 9. Bg3 O-O 10. Bd3 g6 11. O-O Nxg3 12. hxg3 Bd7 13. Rc1 Rc8 14. b4 Nb8 15.
Qb3 Bd6 16. Rfd1 Qb6 17. e4 a5 18. b5 dxe4 19. Nxe4 Be7 20. Bc4 Rfd8 21. a4 Be8
22. Qe3 Nd7 23. Qf4 Qc7 24. Qh6 Bf8 25. Qh4 Qb6 26. g4 Bg7 27. g3 e5 28. d5 Nf6
29. Nxf6+ Qxf6 30. Qxf6 Bxf6 31. Re1 Bd7 32. g5 Bg7 33. Nxe5 Bf5 34. d6 Bxe5
35. Rxe5 Re8 36. Rxe8+ Rxe8 37. Bd5 Bc8 38. Rc7 Rd8 39. Rxf7 Rxd6 40. Rd7+ Rxd5
41. Rxd5 Bf5 42. b6 Be4 43. Rxa5 1-0

[Event "DEM U18 2000"]
[Site "Überlingen GER"]
[Date "2000.06.06"]
[Round "5"]
[White "Schenk, Andreas"]
[Black "Grafl, Florian"]
[Result "1-0"]
[Termination "normal"]
[Board "1"]
[WhiteElo "2272"]
[BlackElo "2257"]
[PlyCount "169"]
[WhiteFideId "4644891"]
[BlackFideId "4645715"]
[EventCountry "GER"]
[EventRounds "9"]
[EventType "swiss"]
[EventDate "2000.06.03"]

1. d4 f5 2. Nc3 d5 3. Bf4 c6 4. e3 Nf6 5. Bd3 e6 6. Nf3 Be7 7. O-O O-O 8. Ne5
Nbd7 9. Ne2 Nh5 10. Nxd7 Bxd7 11. Be5 g5 12. c4 Be8 13. Qc2 Bg6 14. cxd5 cxd5
15. Rfc1 Bd6 16. Qb3 Rf7 17. Rc2 Nf6 18. Rac1 Ng4 19. Bxd6 Qxd6 20. Rc8+ Rxc8
21. Rxc8+ Kg7 22. g3 h5 23. Qa4 a6 24. Qe8 Rf8 25. Qxf8+ Qxf8 26. Rxf8 Kxf8 27.
h3 Nf6 28. h4 gxh4 29. gxh4 Ke7 30. Kg2 Ne8 31. Kf3 Kf6 32. Nf4 Bf7 33. Be2 Ng7
34. Nd3 Be8 35. b4 b6 36. Ne5 a5 37. a3 f4 38. Kxf4 Nf5 39. Nf3 Nd6 40. bxa5
bxa5 41. Nd2 Nf5 42. Nb3 Nxh4 43. Nxa5 Ng6+ 44. Kg3 h4+ 45. Kh3 e5 46. Nb3 Ba4
47. Nc5 exd4 48. Nxa4 dxe3 49. fxe3 d4 50. Nc5 dxe3 51. Nd3 Ke6 52. Bf3 Kd6 53.
Kg4 Kc7 54. Kf5 Ne7+ 55. Ke4 Kb6 56. Kxe3 Nf5+ 57. Ke4 Nd6+ 58. Kd5 Nb5 59. a4
Nc3+ 60. Kc4 Nb1 61. Kb4 h3 62. Nf2 Nd2 63. a5+ Ka7 64. Bd5 h2 65. Bg2 Kb8 66.
Ng4 Nf1 67. Kb5 Ka7 68. Bd5 Ng3 69. Nxh2 Ne2 70. Bc4 Nc3+ 71. Kb4 Ne4 72. Nf3
Nd6 73. Bd5 Ka6 74. Nd4 Nc8 75. Nb3 Ka7 76. Kc5 Ka6 77. Bc4+ Kb7 78. Nd4 Ne7
79. Bb5 Nc8 80. Nf5 Na7 81. Nd6+ Kc7 82. Ba4 Kb8 83. Kb6 Ka8 84. Bd7 Kb8 85.
Nb5 1-0

[Event "DEM U18 2000"]
[Site "Überlingen GER"]
[Date "2000.06.06"]
[Round "5"]
[White "Langheinrich, Ferenc"]
[Black "Motl, Martin"]
[Result "1-0"]
[Termination "normal"]
[Board "2"]
[WhiteElo "2325"]
[BlackElo "2172"]
[PlyCount "79"]
[WhiteFideId "4641973"]
[BlackFideId "4667522"]
[EventCountry "GER"]
[EventRounds "9"]
[EventType "swiss"]
[EventDate "2000.06.03"]

1. Nf3 Nf6 2. g3 b5 3. Bg2 Bb7 4. O-O c5 5. c3 d6 6. a4 bxa4 7. d4 Qc7 8. Qxa4+
Bc6 9. Qa5 Qxa5 10. Rxa5 cxd4 11. Nxd4 Bxg2 12. Kxg2 Kd7 13. Na3 e5 14. Ndc2
Nc6 15. Ra4 Nd5 16. Nc4 Be7 17. Be3 Ke6 18. Rfa1 Nxe3+ 19. N2xe3 Rab8 20. Ra6
Rhc8 21. Rd1 Bf8 22. Ra4 f5 23. f3 g6 24. Nd5 Rb5 25. e4 Rb7 26. Kf2 Rb3 27.
Ke2 Rb7 28. Kd3 Rf7 29. b4 fxe4+ 30. fxe4 Rf2 31. Rd2 Rxd2+ 32. Nxd2 Rb8 33. b5
Ne7 34. Rxa7 Nxd5 35. exd5+ Kxd5 36. Rxh7 Kc5 37. c4 Ra8 38. Ne4+ Kb4 39. b6
Rd8 40. Nf6 1-0

[Event "DEM U18 2000"]
[Site "Überlingen GER"]
[Date "2000.06.06"]
[Round "5"]
[White "Huber, Philipp"]
[Black "Send, Sebastian"]
[Result "1/2-1/2"]
[Termination "normal"]
[Board "3"]
[WhiteElo "2252"]
[BlackElo "2175"]
[PlyCount "60"]
[WhiteFideId "4643887"]
[BlackFideId "4667301"]
[EventCountry "GER"]
[EventRounds "9"]
[EventType "swiss"]
[EventDate "2000.06.03"]

1. a4 d5 2. c4 e6 3. d4 Nf6 4. Nc3 c6 5. Nf3 Bb4 6. Qb3 a5 7. Bg5 h6 8. Bh4 g5
9. Bg3 Ne4 10. e3 h5 11. Bxb8 Rxb8 12. Bd3 Rg8 13. Bxe4 dxe4 14. Nd2 f5 15. Qd1
g4 16. h3 Qf6 17. Na2 Bd6 18. c5 Bc7 19. hxg4 hxg4 20. Qe2 Rh8 21. O-O-O b6 22.
Nc4 Ba6 23. Nd6+ Bxd6 24. Qxa6 bxc5 25. Qxc6+ Ke7 26. Rxh8 Qxh8 27. Nc3 Qc8 28.
Qxc8 Rxc8 29. d5 Rh8 30. g3 Be5 1/2-1/2

[Event "DEM U18 2000"]
[Site "Überlingen GER"]
[Date "2000.06.06"]
[Round "5"]
[White "Seel, Christian"]
[Black "Pähtz, Thomas jr."]
[Result "1-0"]
[Termination "normal"]
[Board "4"]
[WhiteElo "2176"]
[BlackElo "2216"]
[PlyCount "97"]
[WhiteFideId "4663098"]
[BlackFideId "4636562"]
[EventCountry "GER"]
[EventRounds "9"]
[EventType "swiss"]
[EventDate "2000.06.03"]

1. Nf3 c5 2. c4 Nc6 3. Nc3 g6 4. g3 Bg7 5. Bg2 e5 6. O-O Nge7 7. Ne1 d6 8. Nc2
Be6 9. Ne3 O-O 10. Ned5 Rb8 11. a3 a6 12. b4 b5 13. cxb5 axb5 14. Rb1 Nxd5 15.
Nxd5 Ne7 16. Nc3 c4 17. a4 bxa4 18. Qxa4 d5 19. b5 Nc8 20. Ba3 Nb6 21. Qc2 Re8
22. Bc5 Qd7 23. Qb2 e4 24. Qb4 Bf5 25. e3 d4 26. exd4 Bxd4 27. Bxb6 Bxb6 28.
Qxc4 e3 29. dxe3 Bxb1 30. Rxb1 Qf5 31. Bc6 Red8 32. Rf1 Qc2 33. Qb4 Qd2 34. Rd1
Qc2 35. Rf1 Qd2 36. Qc4 Qc2 37. Be4 Qb2 38. Nd5 Qe5 39. f4 Qe6 40. f5 gxf5 41.
Rxf5 Rbc8 42. Qd3 Qh6 43. Kg2 Rc5 44. Qe2 Qe6 45. Qf3 Rc4 46. Bd3 Rc3 47. e4
Qh6 48. Nxc3 Qd2+ 49. Be2 1-0

[Event "DEM U18 2000"]
[Site "Überlingen GER"]
[Date "2000.06.06"]
[Round "5"]
[White "Gehmlich, Marcel"]
[Black "Philipowski, Robert"]
[Result "1-0"]
[Termination "normal"]
[Board "5"]
[WhiteElo "2065"]
[BlackElo "2272"]
[PlyCount "105"]
[WhiteFideId "4656474"]
[BlackFideId "4663209"]
[EventCountry "GER"]
[EventRounds "9"]
[EventType "swiss"]
[EventDate "2000.06.03"]

1. e4 c5 2. Nf3 Nc6 3. Nc3 d6 4. d4 cxd4 5. Nxd4 Nf6 6. Be2 e5 7. Nb3 Be7 8.
O-O O-O 9. f4 a5 10. a4 Nb4 11. Kh1 Be6 12. f5 Bd7 13. Bg5 Nxe4 14. Bxe7 Nxc3
15. bxc3 Qxe7 16. cxb4 axb4 17. Qd2 Rfc8 18. Qxb4 Rxc2 19. Bd3 Rcc8 20. f6 Qf8
21. fxg7 Qxg7 22. Rf3 Kh8 23. Rg3 Qh6 24. Bb5 Bxb5 25. Qxb5 Rc7 26. Rf1 Qe6 27.
Rgf3 Rg8 28. Qb6 Rc2 29. R3f2 Rxf2 30. Rxf2 Qd5 31. Qb5 Qxb5 32. axb5 Rg4 33.
g3 Rb4 34. Na5 Rxb5 35. Nc4 Rd5 36. Rxf7 b5 37. Ne3 Rd2 38. Nf5 h5 39. Rb7 d5
40. Rxb5 e4 41. Rb4 Rf2 42. Ne3 Rd2 43. Kg1 Rd3 44. Nf5 Rd1+ 45. Kf2 Rd2+ 46.
Ke3 Rxh2 47. Rd4 Rh3 48. Kf4 e3 49. Kxe3 h4 50. Rxh4+ Rxh4 51. Nxh4 Kg7 52.
Nf5+ Kf6 53. Kf4 1-0

[Event "DEM U18 2000"]
[Site "Überlingen GER"]
[Date "2000.06.06"]
[Round "5"]
[White "Neyman, Igor"]
[Black "Schütze, Tonio"]
[Result "1/2-1/2"]
[Termination "normal"]
[Board "6"]
[WhiteElo "2192"]
[BlackElo "1982"]
[PlyCount "32"]
[EventCountry "GER"]
[EventRounds "9"]
[EventType "swiss"]
[EventDate "2000.06.03"]

1. d4 Nf6 2. c4 e6 3. Nc3 Bb4 4. e3 b6 5. Nge2 c5 6. a3 cxd4 7. axb4 dxc3 8.
bxc3 Bb7 9. Nd4 Nc6 10. Ba3 O-O 11. f3 Nh5 12. Qc2 Qg5 13. f4 Nxd4 14. cxd4 Qg4
15. Qf2 Nf6 16. Rg1 Qh5 1/2-1/2

[Event "DEM U18 2000"]
[Site "Überlingen GER"]
[Date "2000.06.06"]
[Round "5"]
[White "Ewald, Alexander"]
[Black "Meyer, Malte"]
[Result "0-1"]
[Termination "normal"]
[Board "7"]
[WhiteElo "2134"]
[BlackElo "2180"]
[PlyCount "38"]
[WhiteFideId "4662520"]
[BlackFideId "4664493"]
[EventCountry "GER"]
[EventRounds "9"]
[EventType "swiss"]
[EventDate "2000.06.03"]

1. d4 d5 2. c4 c6 3. Nf3 Nf6 4. Nc3 e6 5. Bg5 h6 6. Bh4 dxc4 7. e4 g5 8. Bg3 b5
9. Be2 Bb7 10. O-O Nbd7 11. d5 exd5 12. exd5 Nxd5 13. Nxd5 cxd5 14. Re1 Bb4 15.
Rf1 O-O 16. Nd4 Qb6 17. Bg4 Nf6 18. h4 Rae8 19. hxg5 Nxg4 0-1

[Event "DEM U18 2000"]
[Site "Überlingen GER"]
[Date "2000.06.06"]
[Round "5"]
[White "Zimmermann, Julian"]
[Black "Oberhofer, André"]
[Result "0-1"]
[Termination "normal"]
[Board "8"]
[WhiteElo "2180"]
[BlackElo "1991"]
[PlyCount "28"]
[BlackFideId "24654140"]
[EventCountry "GER"]
[EventRounds "9"]
[EventType "swiss"]
[EventDate "2000.06.03"]

1. e4 e5 2. Nf3 Nc6 3. d4 exd4 4. Nxd4 Nf6 5. Nxc6 bxc6 6. e5 Qe7 7. Qe2 Nd5 8.
Nd2 g6 9. Ne4 Bg7 10. c4 Ba6 11. Bg5 Qxe5 12. f4 Nxf4 13. Bxf4 Qxf4 14. Nf6+
Kd8 0-1

[Event "DEM U18 2000"]
[Site "Überlingen GER"]
[Date "2000.06.06"]
[Round "5"]
[White "Liebold, Thomas"]
[Black "Jauk, Wilhelm"]
[Result "1-0"]
[Termination "normal"]
[Board "9"]
[WhiteElo "2157"]
[BlackElo "1942"]
[PlyCount "75"]
[WhiteFideId "4652290"]
[EventCountry "GER"]
[EventRounds "9"]
[EventType "swiss"]
[EventDate "2000.06.03"]

1. e4 d6 2. d4 g6 3. Nc3 Bg7 4. f4 Nf6 5. e5 dxe5 6. dxe5 Qxd1+ 7. Kxd1 Ng4 8.
Nd5 Kd8 9. Ke1 c6 10. Nc3 f6 11. h3 Nh6 12. Nf3 Nd7 13. Bc4 b5 14. Bb3 Kc7 15.
a4 b4 16. Ne4 a5 17. Nd4 Nf8 18. exf6 exf6 19. Be3 Nf5 20. Kf2 Nxe3 21. Kxe3
Bd7 22. Rhe1 Re8 23. Kd3 Ne6 24. Bxe6 Bxe6 25. Nc5 Bd5 26. Nce6+ Bxe6 27. Nxe6+
Kd6 28. Nxg7 Re7 29. Rxe7 Kxe7 30. Re1+ Kf7 31. Ne6 Re8 32. Kc4 Rxe6 33. Rxe6
Kxe6 34. Kc5 Kf5 35. Kxc6 Kxf4 36. Kb5 Kg3 37. Kxa5 Kxg2 38. Kxb4 1-0

[Event "DEM U18 2000"]
[Site "Überlingen GER"]
[Date "2000.06.06"]
[Round "5"]
[White "Schweigert, Werner"]
[Black "Regert, Christian"]
[Result "1/2-1/2"]
[Termination "normal"]
[Board "10"]
[WhiteElo "1997"]
[BlackElo "2010"]
[PlyCount "32"]
[EventCountry "GER"]
[EventRounds "9"]
[EventType "swiss"]
[EventDate "2000.06.03"]

1. e4 c5 2. Nf3 Nc6 3. d4 cxd4 4. Nxd4 g6 5. Be3 Bg7 6. Nc3 Nf6 7. Be2 O-O 8.
O-O d5 9. exd5 Nxd5 10. Nxd5 Qxd5 11. Bf3 Qc4 12. Nxc6 bxc6 13. c3 Be6 14. Qc2
Rfd8 15. Rfd1 Bd5 16. Qe2 Qxe2 1/2-1/2

[Event "DEM U18 2000"]
[Site "Überlingen GER"]
[Date "2000.06.06"]
[Round "5"]
[White "Schinkowski, Christoph"]
[Black "Menzel, Michael"]
[Result "0-1"]
[Termination "normal"]
[Board "11"]
[WhiteElo "1823"]
[BlackElo "1756"]
[PlyCount "118"]
[WhiteFideId "4686632"]
[BlackFideId "4694732"]
[EventCountry "GER"]
[EventRounds "9"]
[EventType "swiss"]
[EventDate "2000.06.03"]

1. Nf3 d5 2. g3 Nf6 3. Bg2 g6 4. O-O Bg7 5. d3 O-O 6. Nbd2 d4 7. e4 dxe3 8.
fxe3 Nc6 9. e4 Bg4 10. a3 Nd4 11. c3 Nxf3+ 12. Nxf3 c5 13. h3 Bxf3 14. Qxf3 Qd6
15. Bg5 Nd7 16. Rfd1 Rfd8 17. Bf4 Ne5 18. Bxe5 Bxe5 19. g4 b5 20. Rac1 a5 21.
Kh1 Qb6 22. g5 b4 23. Rf1 Rf8 24. axb4 axb4 25. Qf2 Ra2 26. Rc2 bxc3 27. bxc3
Ra3 28. Rfc1 Qd6 29. Qf3 Bf4 30. Rd1 Bxg5 31. Qg4 Bf6 32. d4 cxd4 33. cxd4 Rg3
34. Qe2 Bxd4 35. Rdc1 Rd8 36. Qe1 Qa3 37. Qf1 Kg7 38. Qf4 e5 39. Qf1 Rd6 40.
Rc6 h5 41. Kh2 Re3 42. R1c4 Rxc6 43. Rxc6 Qe7 44. Kh1 Qg5 45. Rc7 Qf6 46. Qxf6+
Kxf6 47. Rc1 Kg5 48. Rf1 f6 49. Rg1 Re2 50. Bf3+ Bxg1 51. Bxe2 Bd4 52. Kg2 f5
53. Kf3 Kh4 54. Bf1 fxe4+ 55. Kxe4 Kg3 56. Kd5 g5 57. Ke4 Kf2 58. Bc4 g4 59.
Bf7 g3 0-1

[Event "DEM U18 2000"]
[Site "Überlingen GER"]
[Date "2000.06.06"]
[Round "5"]
[White "Bravo Lutz, Sebastian"]
[Black "Luig, Benjamin"]
[Result "1-0"]
[Termination "normal"]
[Board "12"]
[WhiteElo "2038"]
[BlackElo "1894"]
[PlyCount "63"]
[EventCountry "GER"]
[EventRounds "9"]
[EventType "swiss"]
[EventDate "2000.06.03"]

1. e4 e5 2. Nf3 Nc6 3. Bc4 Bc5 4. Nc3 d6 5. d3 Nf6 6. O-O Na5 7. Bb3 Nxb3 8.
axb3 Bg4 9. Na4 Bb6 10. Bg5 c6 11. Nxb6 Qxb6 12. Be3 c5 13. h3 Bh5 14. g4 Bg6
15. c3 Qc7 16. Nh4 Qe7 17. f4 Nd7 18. Ng2 f6 19. h4 Nb6 20. b4 O-O 21. f5 Bf7
22. c4 cxb4 23. Qb3 Qc7 24. Qxb4 Nd7 25. Qd2 Nc5 26. Ra3 a5 27. Rfa1 b6 28. b4
Nb7 29. Qf2 Rab8 30. Bxb6 Qc6 31. b5 Qd7 32. Bxa5 1-0

[Event "DEM U18 2000"]
[Site "Überlingen GER"]
[Date "2000.06.07"]
[Round "6"]
[White "Langheinrich, Ferenc"]
[Black "Schenk, Andreas"]
[Result "1/2-1/2"]
[Termination "normal"]
[Board "1"]
[WhiteElo "2325"]
[BlackElo "2272"]
[PlyCount "60"]
[WhiteFideId "4641973"]
[BlackFideId "4644891"]
[EventCountry "GER"]
[EventRounds "9"]
[EventType "swiss"]
[EventDate "2000.06.03"]

1. Nf3 c5 2. g3 Nc6 3. Bg2 g6 4. c4 Bg7 5. O-O d6 6. Nc3 Bf5 7. a3 Qd7 8. b4
Bh3 9. Rb1 Bxg2 10. Kxg2 Nh6 11. Nd5 Nf5 12. b5 Na5 13. d3 e6 14. Nf4 b6 15. h4
h6 16. e4 Ne7 17. Bd2 Nb7 18. Qc1 O-O 19. Ne2 Kh7 20. Rh1 f5 21. exf5 Rxf5 22.
g4 Rff8 23. Rh3 e5 24. Rg3 d5 25. cxd5 Nxd5 26. Qc4 Ne7 27. h5 Nd6 28. hxg6+
Nxg6 29. Qd5 Ne7 30. Qb3 Rxf3 1/2-1/2